Statistics for NFL 4,000 Yard Passers Quiz

Click here to take the quiz!

General Stats

  • This quiz has been taken 26,525 times
    (6,972 since last reset)
  • The average score is 35 of 62

Answer Stats

# Seasons Quarterback % Correct
11Tom Brady
99%
7Eli Manning
97%
14Peyton Manning
97%
8Aaron Rodgers
96%
12Drew Brees
95%
3Russell Wilson
94%
11Philip Rivers
92%
2Patrick Mahomes
92%
9Matt Ryan
92%
6Ben Roethlisberger
92%
1Dak Prescott
92%
6Brett Favre
89%
2Derek Carr
88%
4Andrew Luck
88%
7Matthew Stafford
87%
4Tony Romo
87%
3Jameis Winston
86%
2Jared Goff
86%
1Carson Wentz
85%
1Alex Smith
84%
1Joe Flacco
83%
4Kirk Cousins
82%
2Andy Dalton
81%
1Deshaun Watson
80%
1Cam Newton
79%
6Dan Marino
77%
6Carson Palmer
76%
3Kurt Warner
71%
2Steve Young
71%
1John Elway
69%
2Ryan Tannehill
66%
1Blake Bortles
63%
1Joe Namath
58%
3Matt Schaub
56%
4Warren Moon
50%
3Drew Bledsoe
50%
1Daunte Culpepper
43%
1Jay Cutler
41%
3Dan Fouts
38%
1Phil Simms
38%
1Rich Gannon
32%
1Josh Freeman
30%
1Brad Johnson
28%
3Trent Green
26%
1Jeff Garcia
26%
1Mark Brunell
25%
2Jon Kitna
23%
1Vinny Testaverde
22%
1Jake Plummer
21%
1Kerry Collins
21%
1Marc Bulger
21%
1Brian Sipe
15%
1Jim Everett
15%
1Don Majkowski
13%
1Elvis Grbac
12%
1Jeff George
12%
1Scott Mitchell
11%
1Steve Beuerlein
10%
1Lynn Dickey
9%
1Neil Lomax
8%
1Jay Schroeder
8%
1Bill Kenney
5%

Score Distribution

Percentile by Number Answered

Percent of People with Each Score

Your Score History

You have not taken this quiz since the last reset